000 00325nam a2200145Ia 4500
999 _c5993
_d5993
003 OSt
008 191201s2014 xx 000 0 und d
100 _aTanenbaum, Andrew
245 0 _aComputer Networks
250 _aimp
260 _aN.Delhi
_bpearson
_c2014
300 _a804
650 _aB.Tech(CSE)
942 _2ddc
_cBK
_052